Touts les Amiraux de One Piece en 15 secondes - Statistiques

Statistiques générales
  • Ce quiz a été pris 82 fois
  • Le résultat moyen est 5 sur 7
Statistiques - réponses
Amiral % Correct
Akainu
93%
Aokiji
93%
Kizaru
91%
Fujitora
79%
Sengoku
65%
Ryokugyu
58%
Kong
49%
Aucun quiz correspondant
Distribution des résultats
% des personnes avec chaque résultat
Percentile par nombre de réponses
Votre historique - résultats
Vous n’avez pas pris ce quiz